[Event "Fide Women Grand Prix Khanty-Mansiysk 2"]
[Site "Khanty Mansiysk RUS"]
[Date "2014.04.14"]
[Round "5.6"]
[White "Batchimeg, Tuvshintugs"]
[Black "Dzagnidze, Nana"]
[Result "0-1"]
[WhiteElo "2340"]
[BlackElo "2550"]
[PlyCount "196"]
[EventDate "2014.04.09"]
[EventType "tourn"]
[EventRounds "11"]
[EventCountry "RUS"]
[EventCategory "10"]
[Source "lmi"]
[SourceDate "2014.04.09"]

1. d4 Nf6 2. c4 e6 3. Nf3 b6 4. a3 Ba6 5. Qb3 Nc6 6. Qc2 d6 7. e4 Nd7 8. d5
Nce5 9. Nbd2 Bb7 10. Nxe5 dxe5 11. Be2 Bd6 12. O-O Qe7 13. Nf3 O-O 14. b4 a5
15. Bg5 f6 16. dxe6 fxg5 17. exd7 axb4 18. axb4 Bxb4 19. Rxa8 Bxa8 20. Rd1 Bd6
21. h3 Bc6 22. c5 bxc5 23. Bb5 Bxb5 24. Qb3+ Qf7 25. Qxb5 h6 26. Rd5 Kh7 27.
Qd3 Qxd7 28. Nxe5 Qa4 29. Nc4 Qa1+ 30. Qd1 Qa2 31. Nd2 c4 32. Qc1 Rb8 33. g3
Rb2 34. e5 c3 35. Qxc3 Qxd5 36. Qxb2 Bxe5 37. Qc2+ Kh8 38. Ne4 Bd4 39. Nd2 Qf7
40. Ne4 c5 41. Nd6 Qe6 42. Nf5 Qe5 43. Kf1 Qd5 44. Ne7 Qf7 45. Nf5 Qd5 46. Ne7
Qe6 47. Nf5 Qe5 48. Qd3 Qe6 49. Nxd4 Qd5 50. Ke2 cxd4 51. Qa6 Qe4+ 52. Kd2 Qf5
53. Ke2 Qc2+ 54. Kf3 Kh7 55. Qe6 Qd3+ 56. Kg2 Qg6 57. Qd5 Qf6 58. Qe4+ Kg8 59.
Qe8+ Kh7 60. Qe4+ g6 61. f4 gxf4 62. gxf4 h5 63. Kf3 Qd6 64. Ke2 Qd7 65. Kd3
Qxh3+ 66. Kxd4 Qa3 67. Qb7+ Kh6 68. Qf7 h4 69. Qg8 Qd6+ 70. Ke4 Kh5 71. Qh8+
Kg4 72. Qc8+ Kg3 73. Qc3+ Kh2 74. Qc2+ Kg1 75. Qc1+ Kg2 76. Qc2+ Kf1 77. Qc1+
Ke2 78. Qe3+ Kd1 79. Qg1+ Kc2 80. Qh2+ Kc3 81. Qxh4 Qd3+ 82. Ke5 Qf5+ 83. Kd6
Kd4 84. Ke7 Ke4 85. Qh6 Kf3 86. Ke8 Qf6 87. Kd7 Qf7+ 88. Kd8 Qf6+ 89. Kd7 Kg4
90. Ke8 Kf5 91. Kd7 Qd4+ 92. Kc6 Qxf4 93. Qh3+ Ke5 94. Qc3+ Ke6 95. Qb3+ Kf6
96. Qb2+ Qe5 97. Qf2+ Kg7 98. Qh4 Qf6+ 0-1

[Event "Fide Women Grand Prix Khanty-Mansiysk 2"]
[Site "Khanty Mansiysk RUS"]
[Date "2014.04.15"]
[Round "6.1"]
[White "Kosteniuk, Alexandra"]
[Black "Dzagnidze, Nana"]
[Result "1-0"]
[WhiteElo "2527"]
[BlackElo "2550"]
[PlyCount "109"]
[EventDate "2014.04.09"]
[EventType "tourn"]
[EventRounds "11"]
[EventCountry "RUS"]
[EventCategory "10"]
[Source "lmi"]
[SourceDate "2014.04.09"]

1. e4 c5 2. Nf3 e6 3. d4 cxd4 4. Nxd4 a6 5. Bd3 Nf6 6. O-O Qc7 7. Qe2 d6 8. c4
g6 9. Nc3 Bg7 10. Nf3 O-O 11. Rd1 Nc6 12. h3 Nd7 13. Be3 b6 14. Rac1 Bb7 15.
Qd2 Nc5 16. Bb1 Rad8 17. b3 f5 18. exf5 gxf5 19. Bf4 Ne5 20. Nd4 Ng6 21. Bg5
Rde8 22. b4 Nd7 23. Nce2 Nde5 24. a3 Kh8 25. Ba2 Nf7 26. c5 dxc5 27. bxc5 bxc5
28. Bf4 Nxf4 29. Nxf4 Bh6 30. Ndxe6 Rxe6 31. Nxe6 Bxd2 32. Nxc7 Bxc1 33. Rxc1
Nd6 34. Rxc5 f4 35. Ne6 Rf6 36. Rc7 Be4 37. Rd7 Ne8 38. Rd8 Bg6 39. Nc7 Rd6 40.
Ra8 Rd1+ 41. Kh2 Rd2 42. Bc4 Rxf2 43. Kg1 Rc2 44. Nxe8 Be4 45. Rd8 Rxg2+ 46.
Kf1 Rc2 47. Bb3 Rb2 48. Nd6+ Kg7 49. Rg8+ Kh6 50. Nf7+ Kh5 51. Bd1+ f3 52. Rg5+
Kh4 53. Rg4+ Kxh3 54. Rxe4 Kg3 55. Nh6 1-0

[Event "Fide Women Grand Prix Khanty-Mansiysk 2"]
[Site "Khanty Mansiysk RUS"]
[Date "2014.04.15"]
[Round "6.2"]
[White "Lagno, Kateryna"]
[Black "Batchimeg, Tuvshintugs"]
[Result "1/2-1/2"]
[WhiteElo "2543"]
[BlackElo "2340"]
[PlyCount "161"]
[EventDate "2014.04.09"]
[EventType "tourn"]
[EventRounds "11"]
[EventCountry "RUS"]
[EventCategory "10"]
[Source "lmi"]
[SourceDate "2014.04.09"]

1. c4 e5 2. g3 Nf6 3. Bg2 d5 4. cxd5 Nxd5 5. Nf3 Nc6 6. O-O Be7 7. d4 exd4 8.
Nxd4 Nxd4 9. Qxd4 Nf6 10. Qa4+ c6 11. Rd1 Qb6 12. Be3 Bc5 13. Bxc5 Qxc5 14. b4
Qb6 15. Na3 O-O 16. Nc4 Qc7 17. Qa5 Qe7 18. Nb6 Rb8 19. Nxc8 Rfxc8 20. Qxa7
Qxe2 21. a4 h6 22. h3 Re8 23. Qb6 Ne4 24. Re1 Qc4 25. Bxe4 Rxe4 26. Qc7 Rxe1+
27. Rxe1 Ra8 28. Qxb7 Rxa4 29. Qc8+ Kh7 30. Qf5+ g6 31. Qf6 Ra8 32. Re7 Kg8 33.
Rc7 Re8 34. Kh2 Rf8 35. Qd6 Qa2 36. Qd4 Qd5 37. Qc5 Rb8 38. Rxc6 Qxc5 39. bxc5
Rb3 40. g4 Kg7 41. h4 h5 42. gxh5 gxh5 43. Rd6 Rb4 44. Kg3 Rg4+ 45. Kh3 Rf4 46.
Rd2 Rc4 47. Rd5 Kg6 48. Rg5+ Kh6 49. f3 f6 50. Rd5 Kg6 51. Kg3 Rc3 52. Kf4 Rc4+
53. Ke3 Rxh4 54. Kd3 Rh1 55. Kc2 Re1 56. c6 Re6 57. Rc5 Re8 58. Kd3 h4 59. c7
Rc8 60. Ke3 Kf7 61. Kf4 Ke7 62. Rc6 Kd7 63. Rxf6 Rh8 64. Rf7+ Kc8 65. Rg7 h3
66. Rg1 Kxc7 67. Rh1 h2 68. Kg3 Kd6 69. Rxh2 Rxh2 70. Kxh2 Ke5 71. Kg3 Kf5 72.
f4 Kf6 73. Kg4 Kg6 74. f5+ Kf6 75. Kf4 Kf7 76. Ke5 Ke7 77. f6+ Kf7 78. Kf5 Kf8
79. Kg6 Kg8 80. f7+ Kf8 81. Kf6 1/2-1/2

[Event "Fide Women Grand Prix Khanty-Mansiysk 2"]
[Site "Khanty Mansiysk RUS"]
[Date "2014.04.15"]
[Round "6.3"]
[White "Muminova, Nafisa"]
[Black "Kosintseva, Tatiana"]
[Result "1-0"]
[WhiteElo "2321"]
[BlackElo "2496"]
[PlyCount "59"]
[EventDate "2014.04.09"]
[EventType "tourn"]
[EventRounds "11"]
[EventCountry "RUS"]
[EventCategory "10"]
[Source "lmi"]
[SourceDate "2014.04.09"]

1. e4 c5 2. Nf3 d6 3. d4 cxd4 4. Nxd4 Nf6 5. Nc3 e6 6. Be2 Be7 7. O-O O-O 8. f4
a6 9. a4 Nc6 10. Be3 Qc7 11. Kh1 Nxd4 12. Bxd4 Bd7 13. e5 Ne8 14. Bd3 Bc6 15.
Ne4 Bxe4 16. Bxe4 g6 17. Rf3 d5 18. Bd3 Bc5 19. Bc3 Qe7 20. Qe1 Nc7 21. Qg3 d4
22. Bd2 Nd5 23. f5 exf5 24. Bg5 Qc7 25. Rxf5 Ne3 26. Rf3 Rae8 27. Bf6 Re6 28.
Qh4 Rxf6 29. exf6 Re8 30. Bxg6 1-0

[Event "Fide Women Grand Prix Khanty-Mansiysk 2"]
[Site "Khanty Mansiysk RUS"]
[Date "2014.04.15"]
[Round "6.6"]
[White "Zhao, Xue"]
[Black "Girya, Olga"]
[Result "0-1"]
[WhiteElo "2552"]
[BlackElo "2450"]
[PlyCount "86"]
[EventDate "2014.04.09"]
[EventType "tourn"]
[EventRounds "11"]
[EventCountry "RUS"]
[EventCategory "10"]
[Source "lmi"]
[SourceDate "2014.04.09"]

1. d4 d5 2. c4 c6 3. e3 Nf6 4. Bd3 e5 5. dxe5 dxc4 6. exf6 cxd3 7. fxg7 Bxg7 8.
Nf3 Na6 9. O-O Bg4 10. h3 Bh5 11. Nbd2 Nc5 12. Rb1 f5 13. b4 Ne4 14. Bb2 Nxd2
15. Qxd2 Bxf3 16. gxf3 Rg8 17. Kh2 Qd6+ 18. f4 O-O-O 19. Bxg7 Rxg7 20. Rg1 Rdg8
21. Rg3 Qd5 22. Rbg1 Rxg3 23. fxg3 h5 24. Rg2 Qe4 25. Kg1 Kc7 26. Kf2 h4 27.
Rg1 hxg3+ 28. Rxg3 Rxg3 29. Kxg3 Qc4 30. Qb2 Qd5 31. Qd2 Qc4 32. Qb2 Qd5 33.
Qd2 a5 34. bxa5 c5 35. h4 c4 36. h5 Qc5 37. h6 c3 38. Qxd3 c2 39. h7 c1=Q 40.
h8=Q Qg1+ 41. Kf3 Qc6+ 42. e4 fxe4+ 43. Qxe4 Qd1+ 0-1

[Event "Fide Women Grand Prix Khanty-Mansiysk 2"]
[Site "Khanty Mansiysk RUS"]
[Date "2014.04.16"]
[Round "7.1"]
[White "Girya, Olga"]
[Black "Kosteniuk, Alexandra"]
[Result "1-0"]
[WhiteElo "2450"]
[BlackElo "2527"]
[PlyCount "77"]
[EventDate "2014.04.09"]
[EventType "tourn"]
[EventRounds "11"]
[EventCountry "RUS"]
[EventCategory "10"]
[Source "lmi"]
[SourceDate "2014.04.09"]

1. d4 Nf6 2. c4 e6 3. Nf3 d5 4. Nc3 Be7 5. Bg5 h6 6. Bh4 O-O 7. e3 b6 8. Be2
dxc4 9. Bxc4 Bb7 10. O-O Nbd7 11. Qe2 a6 12. a4 c5 13. Rfd1 Qe8 14. Rac1 Bd6
15. d5 e5 16. Bg3 Nh5 17. Ne4 Bb8 18. Bh4 f5 19. d6+ Kh8 20. Be7 fxe4 21. Nh4
Nhf6 22. Be6 Bc6 23. Bf5 Rf7 24. Ng6+ Kg8 25. Qc4 Ra7 26. b3 Nd5 27. Bxd7 Rxd7
28. Rxd5 Bxd5 29. Qxd5 Bc7 30. Nxe5 Rdxe7 31. Nxf7 Rxf7 32. dxc7 Qc8 33. Qd8+
Rf8 34. Rd1 Kh7 35. h3 c4 36. bxc4 Qf5 37. Qxf8 Qxf8 38. Rd8 Qf6 39. c8=Q 1-0

[Event "Fide Women Grand Prix Khanty-Mansiysk 2"]
[Site "Khanty Mansiysk RUS"]
[Date "2014.04.16"]
[Round "7.2"]
[White "Muzychuk, Anna"]
[Black "Zhao, Xue"]
[Result "1-0"]
[WhiteElo "2560"]
[BlackElo "2552"]
[PlyCount "69"]
[EventDate "2014.04.09"]
[EventType "tourn"]
[EventRounds "11"]
[EventCountry "RUS"]
[EventCategory "10"]
[Source "lmi"]
[SourceDate "2014.04.09"]

1. e4 e5 2. Nf3 Nc6 3. Bc4 Bc5 4. O-O Nf6 5. d3 O-O 6. Nbd2 a6 7. c3 Ba7 8. h3
d5 9. exd5 Nxd5 10. Ne4 Bf5 11. Re1 b5 12. Bb3 Bg6 13. Bg5 f6 14. Be3 Kh8 15.
Bxa7 Rxa7 16. d4 Nf4 17. dxe5 Nd3 18. exf6 Nxe1 19. fxg7+ Kxg7 20. Qxe1 Qe7 21.
Nfg5 Rf5 22. f4 Kh8 23. Qh4 Rf8 24. Re1 Nd8 25. Qf2 Ra8 26. Nc5 Qd6 27. g3 h6
28. Nge6 Rf6 29. Rd1 Qxd1+ 30. Bxd1 Nxe6 31. Nxe6 Re8 32. Nc5 Rd6 33. Bc2 Red8
34. f5 Rd2 35. Qf4 1-0

[Event "Fide Women Grand Prix Khanty-Mansiysk 2"]
[Site "Khanty Mansiysk RUS"]
[Date "2014.04.16"]
[Round "7.5"]
[White "Batchimeg, Tuvshintugs"]
[Black "Muminova, Nafisa"]
[Result "0-1"]
[WhiteElo "2340"]
[BlackElo "2321"]
[PlyCount "56"]
[EventDate "2014.04.09"]
[EventType "tourn"]
[EventRounds "11"]
[EventCountry "RUS"]
[EventCategory "10"]
[Source "lmi"]
[SourceDate "2014.04.09"]

1. d4 Nf6 2. c4 e6 3. Nc3 Bb4 4. e3 O-O 5. Bd3 d5 6. a3 Bxc3+ 7. bxc3 dxc4 8.
Bxc4 c5 9. Nf3 Qc7 10. Ba2 b6 11. O-O Nc6 12. Bb2 Ba6 13. Re1 Na5 14. e4 Bc4
15. Bb1 Nb3 16. e5 Nd5 17. Nd2 Nxd2 18. Qxd2 f5 19. exf6 Rxf6 20. Be4 Raf8 21.
f3 Rh6 22. g3 Nf6 23. Bd3 Bd5 24. Rf1 Ng4 25. Qg5 Nxh2 26. f4 Nxf1 27. Rxf1
Rh1+ 28. Kf2 Rh2+ 0-1

[Event "Fide Women Grand Prix Khanty-Mansiysk 2"]
[Site "Khanty Mansiysk RUS"]
[Date "2014.04.16"]
[Round "7.6"]
[White "Dzagnidze, Nana"]
[Black "Lagno, Kateryna"]
[Result "1/2-1/2"]
[WhiteElo "2550"]
[BlackElo "2543"]
[PlyCount "32"]
[EventDate "2014.04.09"]
[EventType "tourn"]
[EventRounds "11"]
[EventCountry "RUS"]
[EventCategory "10"]
[Source "lmi"]
[SourceDate "2014.04.09"]

1. d4 Nf6 2. c4 g6 3. Nc3 d5 4. cxd5 Nxd5 5. e4 Nxc3 6. bxc3 Bg7 7. Be3 c5 8.
Rc1 Qa5 9. Qd2 O-O 10. Nf3 Rd8 11. h3 Nc6 12. d5 e6 13. Bg5 Rd6 14. Bf4 Rd8 15.
Bg5 Rd6 16. Bf4 Rd8 1/2-1/2

[Event "Fide Women Grand Prix Khanty-Mansiysk 2"]
[Site "Khanty Mansiysk RUS"]
[Date "2014.04.17"]
[Round "8.1"]
[White "Girya, Olga"]
[Black "Muzychuk, Anna"]
[Result "1-0"]
[WhiteElo "2450"]
[BlackElo "2560"]
[PlyCount "157"]
[EventDate "2014.04.09"]
[EventType "tourn"]
[EventRounds "11"]
[EventCountry "RUS"]
[EventCategory "10"]
[Source "lmi"]
[SourceDate "2014.04.09"]

1. d4 d5 2. c4 c6 3. Nf3 Nf6 4. Nc3 e6 5. Bg5 h6 6. Bxf6 Qxf6 7. Qb3 a5 8. e3
Nd7 9. Bd3 Bd6 10. O-O O-O 11. Rad1 dxc4 12. Qxc4 Qe7 13. Ne4 Bc7 14. Bb1 Nf6
15. Nxf6+ Qxf6 16. Qc2 g6 17. e4 Qe7 18. e5 Bd7 19. Nd2 f5 20. exf6 Rxf6 21.
Ne4 Rf5 22. Nc5 b6 23. Nxd7 Qxd7 24. Qc3 Rf6 25. Be4 Rc8 26. g3 Bd8 27. Rc1 Be7
28. Bxc6 Qd6 29. Rfe1 Kg7 30. Qc4 Qb4 31. Qxb4 Bxb4 32. Re5 Bc5 33. dxc5 Rxc6
34. Rc3 Rf5 35. cxb6 Rxb6 36. Rxf5 gxf5 37. b3 Rb5 38. Rc7+ Kf6 39. Ra7 h5 40.
Kg2 Rd5 41. a4 Rc5 42. Rb7 Rc3 43. Rb5 h4 44. gxh4 Rd3 45. Rb6 Rc3 46. h5 Kg5
47. Rxe6 Kxh5 48. Re5 Kg4 49. Rxa5 Rxb3 50. h3+ Rxh3 51. Rxf5 Ra3 52. Ra5 Rg3+
53. Kf1 Ra3 54. Ke2 Kf4 55. Ra8 Ke4 56. Re8+ Kd5 57. Rd8+ Ke5 58. Ra8 Ke4 59.
f3+ Kf4 60. Rf8+ Kg5 61. Rg8+ Kf5 62. Rg4 Rb3 63. Rc4 Ke5 64. Kf2 Kd5 65. Rh4
Ra3 66. Kg3 Kd6 67. Rh6+ Ke5 68. a5 Kf5 69. Ra6 Ra1 70. Ra8 Kf6 71. a6 Ra4 72.
a7 Kg7 73. f4 Ra3+ 74. Kf2 Ra2+ 75. Ke3 Ra3+ 76. Kd2 Ra6 77. f5 Rd6+ 78. Kc3
Rd7 79. Rg8+ 1-0

[Event "Fide Women Grand Prix Khanty-Mansiysk 2"]
[Site "Khanty Mansiysk RUS"]
[Date "2014.04.17"]
[Round "8.2"]
[White "Zhao, Xue"]
[Black "Hou, Yifan"]
[Result "1/2-1/2"]
[WhiteElo "2552"]
[BlackElo "2618"]
[PlyCount "101"]
[EventDate "2014.04.09"]
[EventType "tourn"]
[EventRounds "11"]
[EventCountry "RUS"]
[EventCategory "10"]
[Source "lmi"]
[SourceDate "2014.04.09"]

1. c4 b6 2. Nc3 e6 3. e4 Bb7 4. Nf3 Nf6 5. e5 Ne4 6. Nxe4 Bxe4 7. Be2 d6 8. O-O
Nd7 9. d3 Bb7 10. Bf4 dxe5 11. Nxe5 Bd6 12. d4 Qf6 13. Bf3 c6 14. Bg3 Nxe5 15.
dxe5 Bxe5 16. Qa4 O-O 17. Rad1 Bd4 18. Bxc6 Bxc6 19. Qxc6 Bxb2 20. Rd7 h6 21.
Bd6 Rfe8 22. Rxa7 Rxa7 23. Qxe8+ Kh7 24. Qb8 Ra4 25. Qxb6 Rxc4 26. Bc5 Be5 27.
Be3 Qf5 28. h3 Qd3 29. Qb1 Qg6 30. Rc1 Re4 31. Qd3 h5 32. Kf1 Ra4 33. Qb3 Qe4
34. Qc2 Qxc2 35. Rxc2 Kg6 36. Ke2 Kf5 37. Kd3 g5 38. Bc5 g4 39. hxg4+ hxg4 40.
g3 Ra8 41. a3 Bc7 42. Rc4 e5 43. a4 Ba5 44. Be3 f6 45. Kc2 Be1 46. Bb6 Ra6 47.
Be3 Ra8 48. Kd1 Ba5 49. Kc2 Be1 50. Kd1 Ba5 51. Kc2 1/2-1/2

[Event "Fide Women Grand Prix Khanty-Mansiysk 2"]
[Site "Khanty Mansiysk RUS"]
[Date "2014.04.17"]
[Round "8.5"]
[White "Muminova, Nafisa"]
[Black "Dzagnidze, Nana"]
[Result "0-1"]
[WhiteElo "2321"]
[BlackElo "2550"]
[PlyCount "100"]
[EventDate "2014.04.09"]
[EventType "tourn"]
[EventRounds "11"]
[EventCountry "RUS"]
[EventCategory "10"]
[Source "lmi"]
[SourceDate "2014.04.09"]

1. e4 c5 2. Nf3 Nc6 3. Bb5 d6 4. O-O Bd7 5. c3 a6 6. Ba4 Nf6 7. Re1 c4 8. Bc2
Bg4 9. h3 Bh5 10. b3 cxb3 11. axb3 Ne5 12. d4 Nxf3+ 13. gxf3 e6 14. Nd2 d5 15.
e5 Nd7 16. Nf1 Rc8 17. Bd2 Be7 18. Ng3 Bg6 19. f4 Bxc2 20. Qxc2 g6 21. Qd1 Nb8
22. Kh2 Nc6 23. Qf3 Qd7 24. Ne2 O-O 25. Rg1 f6 26. Qh5 Bd8 27. f5 exf5 28. e6
Bc7+ 29. Kh1 Qxe6 30. Rxg6+ Kh8 31. Rh6 Rf7 32. Bg5 Qe4+ 33. f3 Qe7 34. Nf4
Bxf4 35. Bxf4 Rg8 36. Qxf5 Rgg7 37. Qd3 Rf8 38. Bd2 Qd6 39. Rg1 Rxg1+ 40. Kxg1
Rf7 41. Qf5 Ne7 42. Qf4 Qe6 43. Kf2 Ng6 44. Qg4 f5 45. Qg5 Re7 46. Qe3 Qd6 47.
Qg5 Qh2+ 48. Kf1 Qe2+ 49. Kg1 Qd1+ 50. Kf2 Re2+ 0-1

[Event "Fide Women Grand Prix Khanty-Mansiysk 2"]
[Site "Khanty Mansiysk RUS"]
[Date "2014.04.17"]
[Round "8.6"]
[White "Kosteniuk, Alexandra"]
[Black "Lagno, Kateryna"]
[Result "1/2-1/2"]
[WhiteElo "2527"]
[BlackElo "2543"]
[PlyCount "50"]
[EventDate "2014.04.09"]
[EventType "tourn"]
[EventRounds "11"]
[EventCountry "RUS"]
[EventCategory "10"]
[Source "lmi"]
[SourceDate "2014.04.09"]

1. e4 e6 2. d4 d5 3. Nc3 Nf6 4. Bg5 Be7 5. e5 Nfd7 6. h4 c5 7. Bxe7 Kxe7 8. f4
Nc6 9. dxc5 Nxc5 10. Qg4 Kf8 11. O-O-O Qa5 12. Nf3 Rb8 13. h5 b5 14. h6 g6 15.
Qh4 b4 16. Nxd5 exd5 17. Qf6 b3 18. Qxh8+ Ke7 19. Qf6+ Ke8 20. Rxd5 bxa2 21.
Qxc6+ Ke7 22. Qf6+ Ke8 23. Qh8+ Ke7 24. Qf6+ Ke8 25. Qh8+ Ke7 1/2-1/2

[Event "Fide Women Grand Prix Khanty-Mansiysk 2"]
[Site "Khanty Mansiysk RUS"]
[Date "2014.04.19"]
[Round "9.1"]
[White "Lagno, Kateryna"]
[Black "Muminova, Nafisa"]
[Result "1/2-1/2"]
[WhiteElo "2543"]
[BlackElo "2321"]
[PlyCount "97"]
[EventDate "2014.04.09"]
[EventType "tourn"]
[EventRounds "11"]
[EventCountry "RUS"]
[EventCategory "10"]
[Source "lmi"]
[SourceDate "2014.04.09"]

1. e4 e5 2. Nf3 Nc6 3. Bb5 Nf6 4. O-O Bc5 5. Bxc6 dxc6 6. Nxe5 Nxe4 7. Qe2 Qd5
8. Nd3 O-O 9. Nxc5 Nxc5 10. d3 Bf5 11. Nc3 Qd7 12. Qe5 b6 13. b4 Rae8 14. Qf4
Nb7 15. a4 Nd6 16. Bb2 Re6 17. Nd1 Rg6 18. Ne3 Be6 19. f3 f6 20. Rfe1 Rg5 21.
Re2 Nf5 22. Rae1 Nxe3 23. Rxe3 Re8 24. Re4 Rd5 25. Qe3 Kf7 26. g4 h5 27. h3
hxg4 28. fxg4 Rg5 29. Kf2 Qd6 30. Qg3 Bd7 31. Bc1 Rxe4 32. Rxe4 Qxg3+ 33. Kxg3
Re5 34. Bf4 Rxe4 35. dxe4 a5 36. c3 axb4 37. cxb4 c5 38. b5 c6 39. Bc7 cxb5 40.
axb5 Bxb5 41. Bxb6 Bd3 42. Bxc5 Bxe4 43. h4 Bc2 44. Bd4 Bb1 45. Kf4 Bc2 46. g5
fxg5+ 47. Kxg5 g6 48. h5 gxh5 49. Kxh5 1/2-1/2

[Event "Fide Women Grand Prix Khanty-Mansiysk 2"]
[Site "Khanty Mansiysk RUS"]
[Date "2014.04.19"]
[Round "9.4"]
[White "Kosintseva, Tatiana"]
[Black "Zhao, Xue"]
[Result "1/2-1/2"]
[WhiteElo "2496"]
[BlackElo "2552"]
[PlyCount "149"]
[EventDate "2014.04.09"]
[EventType "tourn"]
[EventRounds "11"]
[EventCountry "RUS"]
[EventCategory "10"]
[Source "lmi"]
[SourceDate "2014.04.09"]

1. e4 e5 2. Nf3 Nc6 3. Bb5 Nf6 4. d3 Bc5 5. c3 O-O 6. O-O d6 7. h3 Ne7 8. d4
Bb6 9. Nbd2 c6 10. Ba4 Ng6 11. Re1 Be6 12. Bc2 Qc7 13. Nf1 h6 14. Ng3 Rad8 15.
Be3 Rfe8 16. Qc1 Kh7 17. a4 a5 18. Nf5 Ng8 19. h4 f6 20. h5 N6e7 21. N3h4 Nxf5
22. exf5 Bf7 23. Ng6 exd4 24. cxd4 Ne7 25. Nf4 Qd7 26. Qd1 Kh8 27. Ne6 Bxe6 28.
fxe6 Qxe6 29. Bxh6 Qc4 30. Be3 Nd5 31. Bb3 Nxe3 32. fxe3 Qb4 33. Qd3 d5 34. Bc2
Re4 35. Qf1 Rxd4 36. Qf5 Re4 37. Bxe4 Qxe4 38. Qxe4 dxe4 39. Kf2 Rd2+ 40. Kg3
Bc7+ 41. Kh3 Be5 42. Rad1 Rxb2 43. Rb1 Rb4 44. Kg4 Rxa4 45. Kf5 Kh7 46. Rxb7
Ra2 47. g4 Rf2+ 48. Kxe4 Rg2 49. Kf5 Rf2+ 50. Ke6 Rg2 51. Kf5 Rf2+ 52. Ke6 Rg2
53. Rd1 Rxg4 54. Rd8 Rg3 55. e4 Rg5 56. Kf7 Rxh5 57. Re7 Kh6 58. Rd1 Rh3 59.
Re8 Kg5 60. Rf1 Kg4 61. Kxg7 Rf3 62. Rc1 a4 63. Rxc6 a3 64. Ra6 Kf4 65. Rea8
Bb2 66. Ra4 f5+ 67. e5+ Kxe5 68. R8a5+ Ke6+ 69. Kg6 Rg3+ 70. Kh5 Rd3 71. Kg6
Rg3+ 72. Kh5 Rd3 73. Kg6 Rg3+ 74. Kh5 Rd3 75. Kg6 1/2-1/2

[Event "Fide Women Grand Prix Khanty-Mansiysk 2"]
[Site "Khanty Mansiysk RUS"]
[Date "2014.04.19"]
[Round "9.5"]
[White "Hou, Yifan"]
[Black "Girya, Olga"]
[Result "1-0"]
[WhiteElo "2618"]
[BlackElo "2450"]
[PlyCount "91"]
[EventDate "2014.04.09"]
[EventType "tourn"]
[EventRounds "11"]
[EventCountry "RUS"]
[EventCategory "10"]
[Source "lmi"]
[SourceDate "2014.04.09"]

1. e4 c5 2. Nf3 e6 3. Nc3 Nc6 4. d4 cxd4 5. Nxd4 Qc7 6. Be3 a6 7. Be2 Nf6 8.
O-O Be7 9. f4 d6 10. Kh1 O-O 11. Qe1 Nxd4 12. Bxd4 b5 13. Qg3 Bb7 14. a3 Bc6
15. Rae1 Qb7 16. Bd3 b4 17. Nd1 bxa3 18. bxa3 Rac8 19. Nf2 Nh5 20. Qg4 g6 21.
Qh3 Bd7 22. Ng4 e5 23. fxe5 Bxg4 24. Qxg4 dxe5 25. Bxe5 Bxa3 26. Re3 Rc6 27.
Rh3 Qc8 28. Qf3 Re6 29. Rxh5 gxh5 30. Bf6 Rxf6 31. Qxf6 Qe6 32. Qg5+ Qg6 33.
Qd5 Re8 34. e5 Qg7 35. Qb3 Bf8 36. Rxf7 Qxf7 37. Bc4 Qxc4 38. Qxc4+ Kg7 39. Qd5
Be7 40. Qd7 Kf8 41. Qf5+ Kg7 42. Qxh5 Rb8 43. g3 Rb5 44. Qg4+ Kf8 45. Qf4+ Kg7
46. e6 1-0

[Event "Fide Women Grand Prix Khanty-Mansiysk 2"]
[Site "Khanty Mansiysk RUS"]
[Date "2014.04.19"]
[Round "9.6"]
[White "Muzychuk, Anna"]
[Black "Kosteniuk, Alexandra"]
[Result "0-1"]
[WhiteElo "2560"]
[BlackElo "2527"]
[PlyCount "62"]
[EventDate "2014.04.09"]
[EventType "tourn"]
[EventRounds "11"]
[EventCountry "RUS"]
[EventCategory "10"]
[Source "lmi"]
[SourceDate "2014.04.09"]

1. d4 Nf6 2. c4 e6 3. g3 d5 4. Bg2 Bb4+ 5. Bd2 Be7 6. Nf3 c6 7. O-O dxc4 8. Qc2
b5 9. a4 Bb7 10. Nc3 a6 11. e4 Nbd7 12. Bf4 b4 13. Ne2 c5 14. d5 exd5 15. exd5
Bxd5 16. Rad1 Qc8 17. Rfe1 Be4 18. Qxc4 Nb6 19. Qc1 O-O 20. a5 Nbd5 21. Be5 Re8
22. Qc4 Qb7 23. Nc1 Nb6 24. axb6 Bxf3 25. Bxf3 Qxf3 26. Nb3 Ng4 27. Qf4 Nxe5
28. Qxe5 Bf8 29. Qc7 Qxb3 30. Qd7 Qf3 31. Ra1 Red8 0-1

[Event "Fide Women Grand Prix Khanty-Mansiysk 2"]
[Site "Khanty Mansiysk RUS"]
[Date "2014.04.20"]
[Round "10.1"]
[White "Muzychuk, Anna"]
[Black "Hou, Yifan"]
[Result "1/2-1/2"]
[WhiteElo "2560"]
[BlackElo "2618"]
[PlyCount "54"]
[EventDate "2014.04.09"]
[EventType "tourn"]
[EventRounds "11"]
[EventCountry "RUS"]
[EventCategory "10"]
[Source "lmi"]
[SourceDate "2014.04.09"]

1. e4 c5 2. Nf3 d6 3. Bb5+ Bd7 4. Bxd7+ Qxd7 5. c4 Nf6 6. Nc3 g6 7. O-O Bg7 8.
d4 cxd4 9. Nxd4 O-O 10. f3 Rc8 11. b3 d5 12. exd5 Nxd5 13. Nxd5 e6 14. Bh6 exd5
15. Bxg7 Kxg7 16. Nb5 dxc4 17. Nd6 Rd8 18. Nxb7 Qxd1 19. Rfxd1 Rxd1+ 20. Rxd1
cxb3 21. axb3 Nc6 22. Rd7 a5 23. Rd6 Rc8 24. Rd7 Ra8 25. Rd6 Rc8 26. Rd7 Ra8
27. Rd6 Rc8 1/2-1/2

[Event "Fide Women Grand Prix Khanty-Mansiysk 2"]
[Site "Khanty Mansiysk RUS"]
[Date "2014.04.20"]
[Round "10.2"]
[White "Girya, Olga"]
[Black "Kosintseva, Tatiana"]
[Result "1-0"]
[WhiteElo "2450"]
[BlackElo "2496"]
[PlyCount "81"]
[EventDate "2014.04.09"]
[EventType "tourn"]
[EventRounds "11"]
[EventCountry "RUS"]
[EventCategory "10"]
[Source "lmi"]
[SourceDate "2014.04.09"]

1. d4 Nf6 2. c4 e6 3. Nf3 Bb4+ 4. Bd2 c5 5. Bxb4 cxb4 6. e3 O-O 7. Bd3 d6 8.
O-O Re8 9. Qc2 h6 10. Rd1 Qe7 11. Nbd2 e5 12. c5 e4 13. cxd6 Qe6 14. Bc4 Qxd6
15. Ne5 Be6 16. Nxe4 Nxe4 17. Qxe4 Nd7 18. Bxe6 Qxe6 19. Qxb7 Nxe5 20. dxe5
Qxe5 21. Rd4 a5 22. Rad1 Rac8 23. Rd7 Qf6 24. R7d2 Rc5 25. h3 Rg5 26. Qd7 Rf8
27. Qb7 Qe6 28. h4 Rg4 29. Qc7 a4 30. Rd8 Rxd8 31. Rxd8+ Kh7 32. Qc2+ f5 33.
Rf8 Rxh4 34. Rxf5 Qg6 35. Rc5 Qxc2 36. Rxc2 Kg6 37. Rc6+ Kf7 38. Ra6 Rc4 39.
Rxa4 Rc1+ 40. Kh2 Rc2 41. Rxb4 1-0

[Event "Fide Women Grand Prix Khanty-Mansiysk 2"]
[Site "Khanty Mansiysk RUS"]
[Date "2014.04.20"]
[Round "10.3"]
[White "Zhao, Xue"]
[Black "Batchimeg, Tuvshintugs"]
[Result "0-1"]
[WhiteElo "2552"]
[BlackElo "2340"]
[PlyCount "96"]
[EventDate "2014.04.09"]
[EventType "tourn"]
[EventRounds "11"]
[EventCountry "RUS"]
[EventCategory "10"]
[Source "lmi"]
[SourceDate "2014.04.09"]

1. c4 Nf6 2. Nc3 d5 3. cxd5 Nxd5 4. Nf3 g6 5. e4 Nxc3 6. bxc3 Bg7 7. Ba3 O-O 8.
Bc4 c5 9. O-O Bg4 10. Bd5 Nd7 11. d4 Qa5 12. Qb3 Bxf3 13. gxf3 e6 14. Bc4 b5
15. Be2 Rfc8 16. Bb2 cxd4 17. cxd4 Qd2 18. Rfe1 Nc5 19. dxc5 Bxb2 20. Rab1 Qg5+
21. Kh1 Be5 22. Rg1 Qh4 23. Rg2 Rxc5 24. Kg1 a6 25. a4 bxa4 26. Qxa4 a5 27. Bf1
Qf4 28. Rg3 Rc1 29. Rxc1 Qxc1 30. Rg4 h5 31. Rg2 Qc3 32. Rg5 Bf4 33. Rb5 Qxf3
34. h3 Qc3 35. Rb3 Qf6 36. Rb5 Bc7 37. e5 Qg5+ 38. Kh1 Rd8 39. Rc5 Bxe5 40.
Qxa5 Rd1 41. Qa8+ Kg7 42. Qg2 Qf4 43. Kg1 Bd4 44. Rc2 e5 45. Re2 Qc1 46. h4 Qf4
47. Qh3 e4 48. Kg2 Rd3 0-1